Statistics for 2024 F1 Tracks by Layout

Click here to take the quiz!

General Stats

  • This quiz has been taken 529 times
  • The average score is 18 of 24

Answer Stats

Answer% Correct
Monaco
88%
Las Vegas
86%
Monza
85%
Suzuka
84%
Baku
82%
Jeddah
81%
Sakhir
79%
Shanghai
79%
Catalunya
77%
Lusail
77%
Red Bull Ring
77%
Spa
77%
Marina Bay
75%
Yas Marina
75%
Hungaroring
74%
Miami
73%
Interlagos
72%
Mexico City
72%
Gilles Villeneuve
71%
Emilia Romagna
70%
Silverstone
70%
Zandvoort
70%
Albert Park
67%
Circuit of the Americas
64%

Score Distribution

Percentile by Number Answered

Percent of People with Each Score

Your Score History

You have not taken this quiz